सेवा शिदोरी (Record no. 370174)
[ view plain ]
| 000 -LEADER | |
|---|---|
| fixed length control field | 02338 a2200157 4500 |
| 003 - CONTROL NUMBER IDENTIFIER | |
| control field | OSt |
| 005 - DATE AND TIME OF LATEST TRANSACTION | |
| control field | 20260206162649.0 |
| 008 - FIXED-LENGTH DATA ELEMENTS--GENERAL INFORMATION | |
| fixed length control field | 260206b |||||||| |||| 00| 0 eng d |
| 100 ## - MAIN ENTRY--PERSONAL NAME | |
| Personal name | व्यास अ. |
| 9 (RLIN) | 216670 |
| 245 ## - TITLE STATEMENT | |
| Title | सेवा शिदोरी |
| 250 ## - EDITION STATEMENT | |
| Edition statement | 2nd ED. |
| 260 ## - PUBLICATION, DISTRIBUTION, ETC. (IMPRINT) | |
| Name of publisher, distributor, etc. | भारतीय विचार साधना प्रकाशन |
| Date of publication, distribution, etc. | 2012 |
| Place of publication, distribution, etc. | पुणे |
| 300 ## - PHYSICAL DESCRIPTION | |
| Extent | 80pp. |
| 520 ## - SUMMARY, ETC. | |
| Summary, etc. | सेवा शिदोरी' म्हणजे कार्यकर्त्यांमध्ये सेवाभाव, समर्पण आणि सामाजिक जागृती निर्माण करणाऱ्या कथा, गीते, वचने आणि सुभाषितांचा मराठी संग्रह. हे पुस्तक विशेषतः समाजकार्यात रस असणाऱ्यांसाठी प्रेरणादायी साहित्य प्रदान करते. <br/><br/>सेवा शिदोरी पुस्तकाची वैशिष्ट्ये:<br/>प्रेरणादायी साहित्य: यामध्ये सेवाभावाला जागृत करणाऱ्या गोष्टी आणि विचार आहेत.<br/>कार्यकर्त्यांसाठी: सामाजिक कार्यकर्ते आणि सेवाभावी लोकांसाठी हा विचारांचा संग्रह आहे.<br/>सामुदायिक भान: समाज घडवण्यासाठी उपयुक्त असे विचार यामध्ये मांडलेले असतातस्वरूप: यामध्ये कथा, गीते, सेवा वचने आणि सुभाषितांचा समावेश आहे. <br/>हे पुस्तक कार्यकर्त्यांना सेवाभावाचे महत्त्व समजून घेऊन, त्याग आणि सेवेची भावना (उदा. विकिपीडिया यांच्या चरित्रात दिसते तशी) विकसित करण्यास मदत करते. |
| 942 ## - ADDED ENTRY ELEMENTS (KOHA) | |
| Koha item type | Books |
| Source of classification or shelving scheme | Dewey Decimal Classification |
| Withdrawn status | Lost status | Source of classification or shelving scheme | Damaged status | Not for loan | Collection code | Home library | Current library | Date acquired | Vendor | Cost, normal purchase price | Total Checkouts | Barcode | Date last seen | Cost, replacement price | Bill Date | Koha item type | Original Barcode |
|---|---|---|---|---|---|---|---|---|---|---|---|---|---|---|---|---|---|
| Dewey Decimal Classification | MCA | MKSSS s K.B. Joshi Institute of Information Technology Library | MKSSS s K.B. Joshi Institute of Information Technology Library | 03/02/2026 | 188 | 42.00 | KBJP-BK-2992 | 03/02/2026 | 60.00 | 03/02/2026 | Books | 2992 |